000 01335nam a2200289 i 4500
003 DO-SdBNP
005 20260518120036.0
006 a||||fr|||| 00| 0
007 ta
008 230419e2019 dr ||||fr|||| 001 edspa d
020 _a9789945803938
040 _aDO-SdBNP
_bspa
_cBNPHU
_erda
082 4 _a344.729301
_bH565j
_222
245 _aJurisprudencia en materia laboral 2021 - 2018:
_bestudios y sentencias
_cM. R. Herrera Carbucia; diagramación, José Miguel Pérez; prólogo, Mariano Germán Mejía y Rafael Francisco Alburquerque de Castro.
264 3 3 _aSanto Domingo :
_bSoto,
_c2019
300 _axxi, 915 páginas ;
_c22 cm.
500 _aIncluye datos biográficos del autor en las solapas de las cubiertas.
500 _aIncluye índice analítico, páginas 787 - 915
505 _aPrólogo. /
_rMariano Germán Mejía.--
505 _aPrólogo. /
_r Rafael Francisco Alburquerque de Castro.
_tPresentación.--
_tRelación de Sentencias.--
_tÍndice analítico.
590 _aInventariado 2023 / MF
650 7 _aDerecho laboral
_zRepública Dominicana
_y2012-2018
_2LIBRUNAM
_989645
700 1 _965253
_aJiménez Pérez, José Miguel
_ediagramación
700 1 _aGermán M., Mariano,
_d1946-
_q(Germán Mejía)
_eprólogo
_99311
700 1 _935785
_aAlburquerque de Castro, Rafael Francisco,
_d1940-
942 _2ddc
_cLBS1
999 _c53306
_d53306